5HLuxD.jpg

KING HENRY VIII SENIOR AND PRIMARY SCHOOL LIBRARY OPAC

Matilda liar! / (Record no. 3009)

000 -LEADER
fixed length control field 00688 am a2200265ua 4500
001 - CONTROL NUMBER
control field 009463808
003 - CONTROL NUMBER IDENTIFIER
control field OSt
005 - DATE AND TIME OF LATEST TRANSACTION
control field 20230914153818.0
008 - FIXED-LENGTH DATA ELEMENTS--GENERAL INFORMATION
fixed length control field 950510s1994 enk || 000 d|eng
015 ## - NATIONAL BIBLIOGRAPHY NUMBER
National bibliography number GB9530587
Source bnb
020 ## - INTERNATIONAL STANDARD BOOK NUMBER
International Standard Book Number 9780856762147
035 ## - SYSTEM CONTROL NUMBER
System control number (UkOxU)O502234241
039 0# - LEVEL OF BIBLIOGRAPHIC CONTROL AND CODING DETAIL [OBSOLETE]
Level of rules in bibliographic description 2339
040 ## - CATALOGING SOURCE
Original cataloging agency UkOxU
Modifying agency Uk
Transcribing agency KH8
082 04 - DEWEY DECIMAL CLASSIFICATION NUMBER
Classification number 822.914 ISI
Edition number 20
100 1# - MAIN ENTRY--PERSONAL NAME
Personal name Isitt, Debbie,
Relator term author.
245 10 - TITLE STATEMENT
Title Matilda liar! /
Statement of responsibility, etc. by Debbie Isitt.
260 ## - PUBLICATION, DISTRIBUTION, ETC.
Place of publication, distribution, etc. London :
Name of publisher, distributor, etc. Warner Chappell Plays,
Date of publication, distribution, etc. 1994.
300 ## - PHYSICAL DESCRIPTION
Extent 83 p. ;
Dimensions 20cm.
336 ## - CONTENT TYPE
Content type term text
Source rdacontent
337 ## - MEDIA TYPE
Media type term unmediated
Source rdamedia
338 ## - CARRIER TYPE
Carrier type term volume
Source rdacarrier
653 1# - INDEX TERM--UNCONTROLLED
Uncontrolled term English drama
942 ## - ADDED ENTRY ELEMENTS (KOHA)
Source of classification or shelving scheme
Koha item type Teaching Resources
Holdings
Withdrawn status Lost status Source of classification or shelving scheme Damaged status Not for loan Collection code Permanent Location Current Location Shelving location Date acquired Full call number Barcode Date last seen Price effective from Koha item type
          Teaching Resources KH8 Senior School Library KH8 Senior School Library Staff Office 2023-09-14 822.914 ISI TRKHSL003210 2023-09-14 2023-09-14 Teaching Resources

Powered By KH8 IT Dept